Southville International School and Colleges
Your cart is empty.
  • Cart
  • Lists
    Public lists Eva Luna New books Lux_list list_1
    Your lists Log in to create your own lists
  • Log in to your account
  • Your cookies
  • Search history
Southville International School and Colleges
  • Advanced search
  • Recent comments
  • Most popular
  • Libraries

Log in to your account

Log in with GOOGLE


If you do not have an external account, but do have a local account, you can still log in:

  1. Home
  2. MARC view: Modern blood banking and transfusion practices /
Normal view MARC view ISBD view

Modern blood banking and transfusion practices / (Record no. 13493)

[ view plain ]
MARC details
000 -LEADER
fixed length control field 00729nam a22002417a 4500
003 - CONTROL NUMBER IDENTIFIER
control field OSt
005 - DATE AND TIME OF LATEST TRANSACTION
control field 20140310182439.0
008 - FIXED-LENGTH DATA ELEMENTS--GENERAL INFORMATION
fixed length control field 130311t xxu||||| |||| 00| 0 eng d
020 ## - INTERNATIONAL STANDARD BOOK NUMBER
International Standard Book Number 9749823354
050 ## - LIBRARY OF CONGRESS CALL NUMBER
Classification number RM 172
Item number .M62 2005
100 ## - MAIN ENTRY--PERSONAL NAME
Personal name Harmening, Denise M.
9 (RLIN) 7681
245 ## - TITLE STATEMENT
Title Modern blood banking and transfusion practices /
Statement of responsibility, etc Denise M. Harmening.
250 ## - EDITION STATEMENT
Edition statement 5th ed.
260 ## - PUBLICATION, DISTRIBUTION, ETC. (IMPRINT)
Place of publication, distribution, etc Philadelphia :
Name of publisher, distributor, etc F.A. Davis Company,
Date of publication, distribution, etc c2005.
300 ## - PHYSICAL DESCRIPTION
Dimensions 28 cm.
Extent 543 p. :
Other physical details ill. (some col.) ;
650 ## - SUBJECT ADDED ENTRY--TOPICAL TERM
Topical term or geographic name as entry element Blood Banks.
General subdivision Methods
9 (RLIN) 7682
650 ## - SUBJECT ADDED ENTRY--TOPICAL TERM
Topical term or geographic name as entry element Blood grouping and crossmatching.
9 (RLIN) 7683
650 ## - SUBJECT ADDED ENTRY--TOPICAL TERM
Topical term or geographic name as entry element Immnunohematology.
9 (RLIN) 7684
942 ## - ADDED ENTRY ELEMENTS (KOHA)
Source of classification or shelving scheme Library of Congress Classification
Koha item type
Holdings
Withdrawn status Lost status Source of classification or shelving scheme Damaged status Home library Current library Shelving location Date acquired Total Checkouts Full call number Barcode Date last seen Date checked out Copy number Price effective from Koha item type Total Renewals
    Library of Congress Classification   South SEED-LPDH College Library South SEED-LPDH College Library South SEED-LPDH College Section 03/11/2013 2 RM 172 .M62 2005 SSLC1017 05/15/2018 09/02/2016 2 11/06/2013 Books  
    Library of Congress Classification   South SEED-LPDH College Library South SEED-LPDH College Library South SEED-LPDH College Section 03/11/2013 3 RM 172 .M62 2005 SSLC1016 11/19/2018 10/01/2018 1 11/06/2013 Books 34
    Library of Congress Classification   South SEED-LPDH College Library South SEED-LPDH College Library South SEED-LPDH College Section 08/13/2013 5 RM 172 .M62 2005 SSLC1197 10/06/2018 07/27/2018 3 08/13/2013 Books 46

Modern blood banking and transfusion practices /

APA

Harmening D. M., . (2005). Modern blood banking and transfusion practices. Philadelphia: F.A. Davis Company.

Chicago

Harmening Denise M, . 2005. Modern blood banking and transfusion practices. Philadelphia: F.A. Davis Company.

Harvard

Harmening D. M., . (2005). Modern blood banking and transfusion practices. Philadelphia: F.A. Davis Company.

MLA

Harmening Denise M, . Modern blood banking and transfusion practices. Philadelphia: F.A. Davis Company. 2005.

  • Place hold
  • Print
  • Cite
  • Add to your cart (remove)
  • Save record
    BIBTEX Dublin Core MARCXML MARC (non-Unicode/MARC-8) MARC (Unicode/UTF-8) MARC (Unicode/UTF-8, Standard) MODS (XML) RIS
  • More searches
    Search for this title in:
    Other Libraries (WorldCat) Other Databases (Google Scholar) Online Stores (Bookfinder.com) Open Library (openlibrary.org)

Exporting to Dublin Core...

SOUTHVILLE LIBRARY

Southville International School and Colleges Library

1281 Tropical Ave. Cor. Luxembourg St., BF Homes International, Las Pinas City

Tel. No. 8256374 / 252358 Loc. 117/146

Powered by Koha